000
00310nam a2200145Ia 4500
100
_a
Little/R.L
942
_c
BK
654
_a
Welding.
245
_a
Welding & welding technology.
260
_b
Tata Mc Graw hill
_a
New Delhi.
_c
1985
082
_a
671.52
300
_a
435
546
_a
ENGLISH
999
_c
21218
_d
21218